000 00462nam a2200157Ia 4500
008 210716s2015 xx 000 0 und d
020 _a9788178298924
041 _aeng
082 _a658.85 VIEW
100 _aVieira, Walter.
245 _aNew professional salesman: meeting challenges in the 21st century.
_bMeeting challenges in the 21st century.
250 _a1
260 _aNew Delhi
_bSage Publications
_c2015
300 _axi,152
650 _aMarketing
999 _c211481
_d211481